Српске народне песме (Запис номер 322574)
[ съкратено ]
| 000 -Лидер | |
|---|---|
| Контролно поле с фиксирана дължина | nam a22 7a 4500 |
| 003 - Код на организацията, давaща контролен номер | |
| Контролно поле | BLK |
| 005 - Дата и час на последна редакция | |
| Контролно поле | 20191007110214.0 |
| 008 - Елементи от данни с фиксирана дължина | |
| fixed length control field | 180418b bul||||| |||| 00| 0 bul d |
| 040 ## - Източник на каталожния запис | |
| Идентификатор на билиотеката - собственик на записа | BLK |
| 041 ## - Код за език | |
| Код за езика на текст/звукозапис или на отделно заглавие | Сръбски |
| Код за езика КДБФ | Други славянски езици |
| 080 ## - УДК | |
| Текстов определител УДК | Сръбска литература |
| УДК код - определител по УДК | 821.163.41 |
| УДК определител | -1 |
| 100 ## - Редна дума - Автор | |
| Автор | Караджич, Вук Стефанович |
| Авторска отговорност | първи автор |
| R(LIN) | 389300 |
| 139 ## - Редно поле | |
| Авторски знак | Караг - К 30 |
| 245 ## - Сведения за заглавието | |
| Заглавие | Српске народне песме |
| Том | Кн. 2 |
| Заглавие на том | У коjоj су пjесме луначке наjстариjе |
| 257 ## - Страна на издаване | |
| Страна на създаване/издаване | Сърбия |
| 260 ## - Област на издателските данни | |
| Място на издаване, разпространение и проч. | Биоград |
| Година на издаване | 1895 |
| 9 (RLIN) | 241520 |
| Име на издателя, разпространителя и проч. | Штамп. краль. Србиjе |
| 300 ## - Физическа характеристика | |
| Размери/Мащаб | 23 см |
| 380 ## - Жанр | |
| Жанр | Худож. лит. |
| 490 ## - СЕРИИ (Колекции) | |
| 9 (RLIN) | 241521 |
| Име на серия | Вукова дjела |
| 500 ## - Общи забележки | |
| Забележка | Отбелязани с. 99, 299 |
| 774 ## - Описание на съставна част или том | |
| Място на издаване, издател и година | Београд, 1895 |
| Физическа характеристика | 648 с. |
| 852 ## - Местоположение | |
| Форматна сигнатура | МА 2742 |
| 999 ## - СИСТЕМНИ КОНТРОЛНИ НОМЕРА | |
| Koha biblionumber | 322574 |
| Koha biblioitemnumber | 322574 |
| 942 ## - АРТИКУЛИ | |
| Вид на библиотечния материал | Книги |
| Скрит в OPAC | Не |
| Периодичен библиозапис | Да |
| 999 ## - СИСТЕМНИ КОНТРОЛНИ НОМЕРА | |
| Koha biblioitemnumber | 322574 |
| 999 ## - СИСТЕМНИ КОНТРОЛНИ НОМЕРА | |
| Koha biblioitemnumber | 322574 |
| 999 ## - СИСТЕМНИ КОНТРОЛНИ НОМЕРА | |
| Koha biblioitemnumber | 322574 |
| 999 ## - СИСТЕМНИ КОНТРОЛНИ НОМЕРА | |
| Koha biblioitemnumber | 322574 |
| Код за отписване | Код за изгубен артикул | Източник на класификационната схема | Код за повреда | Коз за рестрикции | Код за отдаване | Артикулен № | Име на библиотеката - собственик | Име на библиотеката, в която се намира в момента | Статус (Текущо местоположение) | Дата на вписване в системата | Местоположение - отдел | Цена в лева | Систематично азбучна сигнатура | Баркод | Цена в евро | Служебен тип на артикула |
|---|---|---|---|---|---|---|---|---|---|---|---|---|---|---|---|---|
| Не е изгубен | Universal Decimal Classification | Не е повреден | само за читалня | Специални фондове ( старопечатни, редки и ценни, фонд М. Арнаудов) | 688352 | Регионална библиотека "Любен Каравелов" Русе | Регионална библиотека "Любен Каравелов" Русе | Фонд "Михаил Арнаудов" | 2019-01-17 | Фонд "Михаил Арнаудов" | 2.00 | МА 2742 | 120000820249 | 1.02 | Книги |